00784naa#a2200181#i#4500001002300000005001700023011001400040100004100054102000700095200012500102210005100227215001100278608002700289675020400316700003100520700003700551856001400588EN\INFRA-M\bibl\10896420260516090730.6##a2587-6295##a20260331b2026####ek#y0engy0150####ca##aRU1#aThe trade war between the United States and China as an element of Donald Trump's protectionist policyeJournal article1#aMoscowcINFRA-M Academic Publishing LLC.d2026##a16 с.##aJournal article2local##aОказание политического влияния на другие государства. 327.8aТорговая война. Таможенная война. 339.548aПолитика. 32#1aFursovgSergey Viktorovich#1aShumkingArseniy Vyacheslavovich4#azh-szf.ru